| 000 | 00557nam a2200181 i 4500 | ||
|---|---|---|---|
| 001 | 95468 | ||
| 003 | ES-MaACL | ||
| 005 | 20240507134256.0 | ||
| 007 | t| | ||
| 008 | 050530s1961 sp ||||1| cat d | ||
| 100 | 1 |
_aLlacuna, Juan. _972643 |
|
| 245 | 1 | 0 |
_aAurora de l'Aragall / _cJuan Llacuna; próleg de Salvador Espriu. |
| 260 |
_aBarcelona : _b[s.n.], _c1961 ( _fImp. Joan Moral de Tarrasa) |
||
| 300 |
_a124 p., 8 lám. ; _c24 cm. |
||
| 700 | 1 |
_aEspriu, Salvador, _d1913-1985 _947947 |
|
| 852 |
_aES-MaACL _jC-20563 _bR.48893 |
||
| 999 |
_c95468 _d95468 |
||